Highest sum of converted country names - Statistics

General Stats
  • This quiz has been taken 26 times
  • The average score is 7 of 10
Answer Stats
Sum Answer % Correct
285 Democratic Republic of the Congo
100%
194 Republic of the Congo
88%
230 Saint Kitts and Nevis
75%
298 Saint Vincent and the Grenadines
75%
185 United Arab Emirates
75%
209 Bosnia and Herzegovina
63%
197 Sao Tome and Principe
63%
211 Central African Republic
50%
279 Federated States of Micronesia
50%
181 Solomon Islands
25%
No matching quizzes found
Score Distribution
Percent of People with Each Score
Percentile by Number Answered
Your Score History
You have not taken this quiz